La gestión del desarrollo en la macroregión central: un desafío por compartir
Сохранить в:
| Соавтор: | |
|---|---|
| Формат: | |
| Язык: | испанский |
| Опубликовано: |
Valparaíso
MIDEPLAN. Ministerio de Planificación y Cooperación
1996
|
| Предметы: | |
| Метки: |
Добавить метку
Нет меток, Требуется 1-ая метка записи!
|
MARC
| LEADER | 00000nam a2200000 a 4500 | ||
|---|---|---|---|
| 001 | UCG1734 | ||
| 003 | CL-VaPUC | ||
| 005 | 20230908151715.0 | ||
| 008 | 100513e19960000cl 1 spa d | ||
| 082 | 0 | 4 | |a 351 |b MID |2 21 |
| 110 | 2 | |a MIDEPLAN. Ministerio de Planificación y Cooperación |e author |9 621627 | |
| 245 | 1 | 3 | |a La gestión del desarrollo en la macroregión central: un desafío por compartir |
| 260 | |a Valparaíso |b MIDEPLAN. Ministerio de Planificación y Cooperación |c 1996 | ||
| 300 | |a 8 p | ||
| 583 | |a last modification |c 20190908 07:24:15 |k Rodrigo Vera | ||
| 650 | 0 | 0 | |a Administración pública |9 255343 |
| 650 | 0 | 0 | |a Gestión pública |9 388888 |
| 650 | 0 | 0 | |a Desarrollo regional |9 354599 |
| 942 | |c BK | ||
| 945 | |a dcastane |d 20100513 00:00:00 | ||
| 546 | |a En Español | ||
| 536 | |a MIDEPLAN. Ministerio de Planificación y Cooperación | ||
| 518 | |p La gestión del desarrollo en la macroregión central: un desafío por compartir, 1, Villa Alemana, 2 y 3 de mayo de 1996 | ||
| 999 | |c 384552 |d 384550 | ||
| 952 | |0 0 |1 0 |4 0 |6 351_000000000000000_MID_1996 |7 0 |8 X |9 507344 |a FDOBUD |b FDOBUD |d 2020-01-23 |i 4672372 |o 351 MID 1996 |p 4672372 |r 2020-01-23 |w 2020-01-23 |y BK_X |k BUD | ||